00530nam a2200181Ia 450000500170000000800410001702000180005804100080007608200150008410000190009924500900011825000120020826000530022030000090027350000240028265000230030670000190032920230425203646.0230125s9999 xx 000 0 und d a9789352134267 aeng a004.1bVEN aVenkatachari K aFundamentals of Business Analytics Using Excel And R : Practical Manual For Beginners a3rd Ed. c2019bShroff publisher and distributors aMumbai a440p aBusiness Analytics  aBusiness Analytics aVenkatachari K